Carregant...

Choice of techniques an aspect of the theory of planned economic development/3e

Dades bibliogràfiques
Autor principal: Sen, Amartya kumar
Format: Printed Book
Idioma:English
Publicat: India Oxford university press 1972
Edició:3rd ed.
Matèries:
LEADER 00589nam a22001697a 4500
005 20151215130337.0
008 101203t xxu||||| |||| 00| 0 eng d
082 |a 338.9  |b SEN 
100 |a Sen, Amartya kumar  |9 9932 
245 |a Choice of techniques  |b an aspect of the theory of planned economic development/3e 
250 |a 3rd ed. 
300 |a 113p. 
653 |a Economic development 
942 |c BK  |6 _ 
260 |a India  |b Oxford university press  |c 1972 
999 |c 115289  |d 115289 
952 |0 0  |1 0  |2 ddc  |4 0  |6 3389_SEN  |7 0  |9 149431  |a SMS  |b SMS  |c GEN  |d 2010-12-03  |o 338.9 SEN  |p SMS008504  |r 2010-12-03  |w 2010-12-03  |y BK